000 00289nam a22001217a 4500
008 170504b xxu||||| |||| 00| 0 eng d
041 _aeng
080 _26 ED
_a34
100 _a14
101 _aSHJ
245 _aFEDRAL JURY PRACTICE AND INSTRUCTIONS
_cOMALLEY.K.F
942 _2udc
_cBK
999 _c12665
_d12665